Normal view MARC view

Entry Personal Name

Number of records used in: 1

001 - CONTROL NUMBER

  • control field: 27296

003 - CONTROL NUMBER IDENTIFIER

  • control field: dpl

005 - DATE AND TIME OF LATEST TRANSACTION

  • control field: 20110415104345.0

008 - FIXED-LENGTH DATA ELEMENTS

  • fixed length control field: 110415|||a|||||| | ||| d

040 ## - CATALOGING SOURCE

  • Original cataloging agency: dpl
  • Transcribing agency: dpl

100 ## - HEADING--PERSONAL NAME

  • Personal name: Noni

670 ## - SOURCE DATA FOUND

  • Source citation: Work cat.: (dpl): Noni, The Moon and the Cap /, 2010

670 ## - SOURCE DATA FOUND

  • Source citation: Work cat.: (dpl): Noni, The Moon and the Cap /, 2010

© Delhi Public Library
Hit Counter
free hit counter